01104 a2200169 4500003000500000005001700005040000900022082001400031100001900045245007000064250001300134260002900147300001300176505069900189600001900888650002700907NUST20230706140507.0 cNUST a515.3,MAR aShanti Narayan aDifferential Calculus:bfor B.A & B.Sc students /cShanti Narayan a11th ed. aNew DelhibS.Chandc1964 ax,408p.; aReal Numbers, Variables, Functions (Page-1), Some Important Classes Of Functions And Their Graphs (Page-18), Continuity And Limit (Page-37), Differentiation (Page-72), Successive Differentiation (Page-113), General Theorems (Page-130), Maxima And Minima, Greatest And Least Values (Page-148), Evaluation Of Limits (Page-165), Taylor’s Infinite Series (Page-179), Functions Of Two Variables (Page-193), Some Important Curves (Page-238), Tangents And Normals (Page-254), Derivative Of Arcs (Page-274), Concavity, Convexity, Inflexion (Page-281), Curvature, Evolutes (Page-292), Asymptotes (Page-313), Singular Points, Multiple Points (Page-335), Curve Tracing (Page-348), Envelopes (Page-369). aShanti Narayan aDifferential Equations